000 00393nam a22001457a 4500
020 _qPB.
040 _cFIZZA ISHAQ
082 _a808.0427
_bDOR
100 _aSEYLER,U.DOROTHY.
_9134165
245 _aREAD REASON WRITE AN ARGUMENT TEXT AND READER /
_cDOROTHY U.SEYLEY.
250 _a7th ED.
260 _aNEW YORK ;
_bMc GRAW HILL,
_c2005.
300 _a719 P. ;
_c9.5X7.5IN
942 _2ddc
_cBK
999 _c617114
_d617114